Persidangan Pegawai-pegawai Daerah (1974 Mac 18-23,Kuala Lumpur) Tadbiran daerah:beberapa masalah pentadbiran yang kritikal/oleh Y. M. Raja Azman bin Raja Ismail, 19A

Bibliographic Details
Format: Book

MARC

LEADER 00000cam a2200000 7i4500
001 0000006349
005 20000204.0
040 |a INS 
090 0 0 |a S2 
245 0 0 |a Persidangan Pegawai-pegawai Daerah (1974 Mac 18-23,Kuala Lumpur) Tadbiran daerah:beberapa masalah pentadbiran yang kritikal/oleh Y. M. Raja Azman bin Raja Ismail, 19A 
999 |a S000000011   |b BOOK   |c Seminar   |e Default branch